Lhůtové plánování a kapacitní propočty ve strojírenské výrobě
Na minha lista:
| Formato: | Livro |
|---|---|
| Idioma: | tcheco |
| Publicado em: |
Praha
Dům techn. ČSVTS
1987
|
| Edição: | 1. vyd. |
| Tags: |
Sem tags, seja o primeiro a adicionar uma tag!
|
MARC
| LEADER | 00000nam a2200000 4500 | ||
|---|---|---|---|
| 001 | c037631 | ||
| 005 | 20221219102904.8 | ||
| 041 | 0 | |a cze | |
| 044 | |a CZ | ||
| 245 | 1 | 0 | |a Lhůtové plánování a kapacitní propočty ve strojírenské výrobě |
| 250 | |a 1. vyd. | ||
| 264 | 1 | |a Praha |b Dům techn. ČSVTS |c 1987 | |
| 300 | |a 166 s. | ||